Logo CIB grande

EXPLANATORY NOTES FOR THE INTERNATIONAL HIDROGEOLOGICAL MAP OF EUROPE: SHEET B4 LONDON (Registro nro. 202466)

Detalles MARC
000 -LEADER
campo de control de longitud fija 00498nam a2200193Ia 4500
005 - FECHA Y HORA DE LA ÚLTIMA TRANSACCIÓN
campo de control 20250425161112.0
008 - DATOS DE LONGITUD FIJA--INFORMACIÓN GENERAL
campo de control de longitud fija 250425s9999 xx 000 0 und d
041 ## - CÓDIGO DE IDIOMA
Código de lengua del texto/banda sonora o título independiente eng
082 ## - NÚMERO DE LA CLASIFICACIÓN DECIMAL DEWEY
Número de clasificación 551.48094
010 ## - NÚMERO DE CONTROL DE LA BIBLIOTECA DEL CONGRESO
Número de control de LC 12718
100 ## - ENTRADA PRINCIPAL--NOMBRE DE PERSONA
Nombre de persona ALDWELL, C. R.
245 #0 - MENCIÓN DEL TÍTULO
Título EXPLANATORY NOTES FOR THE INTERNATIONAL HIDROGEOLOGICAL MAP OF EUROPE: SHEET B4 LONDON
250 ## - MENCION DE EDICION
Mención de edición S.E.
260 ## - PUBLICACIÓN, DISTRIBUCIÓN, ETC.
Lugar de publicación, distribución, etc. Francia
Nombre del editor, distribuidor, etc. UNESCO
Fecha de publicación, distribución, etc. 1978
260 ## - PUBLICACIÓN, DISTRIBUCIÓN, ETC.
Lugar de publicación, distribución, etc. PARIS
300 ## - DESCRIPCIÓN FÍSICA
Extensión 89
650 ## - PUNTO DE ACCESO ADICIONAL DE MATERIA--TÉRMINO DE MATERIA
Término de materia o nombre geográfico como elemento de entrada MAPAS HIDROGEOLOGICOS
942 ## - ELEMENTOS DE ENTRADA SECUNDARIOS (KOHA)
Tipo de ítem Koha Libros
Existencias
Estatus retirado Estado de pérdida Fuente de la clasificación o esquema de estantería Estado de daño No para préstamo Biblioteca de origen Biblioteca actual Fecha de adquisición Coste, precio normal de compra Total de préstamos Código de barras Copia número Tipo de ítem Koha
    Clasificación Decimal Dewey     CENTRO DE INFORMACIÓN BIBLIOTECARIA CENTRO DE INFORMACIÓN BIBLIOTECARIA 26/06/1998 0.01   15339 1 Libros

Copyright 2025 ESPOL. Todos los derechos reservados.